La Roumanie en images - Statistiques

Statistiques générales
  • Ce quiz a été pris 216 fois
  • Le résultat moyen est 11 sur 18
Statistiques - réponses
Par images Hint Réponse % Correct
Entrerise Dacia
97%
Personnage de fiction Dracula
97%
Ville Bucarest
91%
Vidéaste Cyprien
82%
Région Transylvanie
81%
Groupe ethnique Roms
80%
Etendue d'eau Mer Noire
71%
Prince Vlad III l'Empaleur
65%
Pays Tchad
63%
Dictateur Nicolae Ceaușescu
59%
Massif montagneux Carpates
55%
Ville {Cluj}-Napoca
55%
Monnaie Leu
50%
Région historique Moldavie
50%
Bâtiment Palais du Parlement
46%
Ville Constanța
37%
Roi Michel Ier
25%
Spécialité Pastrami
5%
Aucun quiz correspondant
Distribution des résultats
% des personnes avec chaque résultat
Percentile par nombre de réponses
Votre historique - résultats
Vous n’avez pas pris ce quiz